000
00252nam a2200097Ia 4500
001
683447
005
20250826161438.0
008
250824s9999 xx 000 0 und d
245
0
_a
OSMANLI LEVENTLERİ
_c
AHMET YILMAZ BOYUNAĞA
260
_b
TİMAŞ YAYINLARI
999
_c
683447
_d
683447